000 01219nam a22003857a 4500
001 0068968
003 KOHA_MİRAKIL
005 20260207004825.0
007 ta
008 230601b1977 tu |||gr||||#0|||0|eng |
020 _a0201010089
040 _aTR-BiSEU
_btur
_cTR-BiSEU
_erda
041 0 _aeng
044 _ctu
050 _aTK7867
_b.C59 1977
100 1 _aComer, David J..
245 1 _aModern electronic circuit design/
_cDavid J. Comer ; David J. Comer.
250 _a2nd Edition
264 1 _aMassachusetts :
_bAddison-Wesley Publishing Company
_c1977
300 _aVII, 696 pages; 24 cm.
336 _ametin
_btxt
_2rdacontent
337 _aaracısız
_bn
_2rdamedia
338 _acilt
_bnc
_2rdacarrier
490 0 _aAddison-Wesley series in electrical engineering
500 _aIncludes index.
650 0 _aCircuit design.
_9133319
650 0 _aElectrical--Electronics.
_9133283
650 0 _aEngineering.
_95004
650 0 _aDevre tasarımı.
_9133320
650 0 _aElektrik--Electronik.
_9133321
650 0 _aMühendislik.
_91533
830 0 _aAddison-Wesley series in electrical engineering
_9133322
907 _aElektrik ve Elektronik Mühendisliği
942 _2lcc
_cBK
999 _c69716
_d69716